ARRUPE JESUIT UNIVERSITY

CORONAVIRUS -STOP THE SPREAD - CLEAN,DISINFECT,COVER

The structuralists: from Marx to Lévi-Strauss. (Record no. 120900)

MARC details
000 -LEADER
fixed length control field 01571cam a2200277 4500
001 - CONTROL NUMBER
control field 1764726
003 - CONTROL NUMBER IDENTIFIER
control field ARRUPE
005 - DATE AND TIME OF LATEST TRANSACTION
control field 20140923113444.0
008 - FIXED-LENGTH DATA ELEMENTS--GENERAL INFORMATION
fixed length control field 720905s1972 nyu b 001 0 eng
010 ## - LIBRARY OF CONGRESS CONTROL NUMBER
LC control number 76175409
040 ## - CATALOGING SOURCE
Original cataloging agency DLC
Transcribing agency DLC
Modifying agency DLC
050 00 - LIBRARY OF CONGRESS CALL NUMBER
Classification number B841.4
Item number .D4
082 00 - DEWEY DECIMAL CLASSIFICATION NUMBER
Classification number 108
300 ## - PHYSICAL DESCRIPTION
Dimensions 19 cm.
100 1# - MAIN ENTRY--PERSONAL NAME
Personal name De George, Richard T.,
Relator term comp.
9 (RLIN) 11466
245 14 - TITLE STATEMENT
Title The structuralists: from Marx to Lévi-Strauss.
Statement of responsibility, etc Edited with an introd. by Richard T. De George and Fernande M. De George.
250 ## - EDITION STATEMENT
Edition statement [1st ed.]
260 ## - PUBLICATION, DISTRIBUTION, ETC. (IMPRINT)
Place of publication, distribution, etc Garden City, N.Y.,
Name of publisher, distributor, etc Anchor Books,
Date of publication, distribution, etc 1972.
300 ## - PHYSICAL DESCRIPTION
Extent xxix, 330 p.
350 ## - PRICE (NR) (BK AM CF MU VM SE) [OBSOLETE]
Price $2.50
504 ## - BIBLIOGRAPHY, ETC. NOTE
Bibliography, etc Includes bibliographical references.
505 0# - FORMATTED CONTENTS NOTE
Formatted contents note Marx, K. Preface to A contribution to the critique of political economy. From Capital.--Freud, S. From The psychopathology of everyday life.--De Saussure, F. From Course in general linguistics.--Tynianov, Y. and Jakobson, R. Problems in the study of language and literature.--Jakobson, R. Linguistics and poetics.--Jakobson R. and Lévi-Strauss, C. Charles Baudelaire's "Les chats."--Barthes, R. The structuralist activity. To write: an intransitive verb?--Lévi-Strauss, C. The structural study of myth. Four winnebago myths. History and dialectic.--Althusser, L. Marx's immense theoretical revolution.--Foucault, M. The human sciences.--Lacan, J. The insistence of the letter in the unconscious.
650 #0 - SUBJECT ADDED ENTRY--TOPICAL TERM
Topical term or geographic name as entry element Structuralism.
9 (RLIN) 8960
700 1# - ADDED ENTRY--PERSONAL NAME
Personal name De George, Fernande M.,
Relator term joint comp.
9 (RLIN) 11467
906 ## - LOCAL DATA ELEMENT F, LDF (RLIN)
a 7
b cbc
c orignew
d 2
e ncip
f 19
g y-gencatlg
942 ## - ADDED ENTRY ELEMENTS (KOHA)
Source of classification or shelving scheme Library of Congress Classification
Koha item type Monograph ( Printed materials)
Holdings
Withdrawn status Lost status Source of classification or shelving scheme Damaged status Not for loan Collection code Home library Current library Shelving location Date acquired Total Checkouts Full call number Barcode Date last seen Price effective from Koha item type
    Library of Congress Classification     Main Collection ARRUPE LIBRARY ARRUPE LIBRARY Main Collection 23/09/2014   B841.4 .D4 46500000439 23/09/2014 23/09/2014 Monograph ( Printed materials)

 

Arrupe Library. PO Box MP320 Mt Pleasant, Harare, Zimbabwe
263 242 745411|librarian@aju.ac.zw